Movies Quiz

Random Movies or Star Wars Quiz

Star Wars Planets by Picture Quiz Stats

Quiz Updated Jan 4, 2018

Also try: Star Wars Episodes
Challenge
Share
Tweet
Score 0/22 Timer 04:00
10 Plays Today
% Correct
Hoth
86%
Tatooine
83.4%
Endor
71.7%
Jakku
71.3%
Naboo
69.4%
Bespin
68.5%
Dagobah
62.8%
Alderaan
62.2%
Coruscant
55.1%
Kashyyyk
45.1%
Mustafar
44.6%
% Correct
Yavin IV
44.4%
Kamino
43.2%
Geonosis
40.2%
Crait
39.3%
Scarif
33.5%
Jedha
31.3%
Cantonica
26.9%
Utapau
25.8%
Takodana
22.8%
Polis Massa
16.3%
Ahch-To
15.9%

You're not logged in!

Compare scores with friends on all Sporcle quizzes.
Sign Up with Email
OR
Log In

You Might Also Like...

Show Comments

Extras

Top Quizzes Today


Score Distribution

Your Account Isn't Verified!

In order to create a playlist on Sporcle, you need to verify the email address you used during registration. Go to your Sporcle Settings to finish the process.

Report this User

Report this user for behavior that violates our Community Guidelines.

Details: